Lokalizácia osôb v smart domácnosti
Gespeichert in:
| 1. Verfasser: | |
|---|---|
| Weitere Verfasser: | |
| Format: | Manuskript Buch |
| Sprache: | Slowakisch |
| Veröffentlicht: |
Bratislava :
STU v Bratislave FEI,
2022
|
| Schlagworte: | |
| Online-Zugang: | https://opac.crzp.sk/?fn=detailBiblioFormChildC117T1&sid=378281AEB05FBF717730C9A6EBFA&seo=CRZP-detail-kniha |
| Tags: |
Keine Tags, Fügen Sie das erste Tag hinzu!
|
MARC
| LEADER | 00000ntm a22000003a 4500 | ||
|---|---|---|---|
| 001 | stuzp82614 | ||
| 003 | SK-STU | ||
| 005 | 20230309144412.9 | ||
| 007 | ta | ||
| 008 | 150427s2015----xo-----f-mn---000-0-slo-d | ||
| 040 | |a STU |b slo | ||
| 041 | 0 | |a slo | |
| 044 | |a xo | ||
| 100 | 1 | |a Rusnáček, Daniel |u 037000 |4 aut |U FEI Fakulta elektrotechniky a informatiky |T FEI Ústav multimediálnych informačných a komunikačných technológií |X 86899 |U E070 |Y 818 |7 86899 | |
| 242 | 0 | 1 | |a Localization of Persons in Smart Household |y eng |
| 245 | 1 | 0 | |a Lokalizácia osôb v smart domácnosti |
| 260 | |a Bratislava : |b STU v Bratislave FEI, |c 2022 | ||
| 300 | |a 42 s., príl. | ||
| 650 | 4 | |a lokalizácia |2 slo | |
| 650 | 4 | |a Kinect |2 slo | |
| 650 | 4 | |a Kinect for Windows SDK 2.0 |2 slo | |
| 650 | 4 | |a localization |2 eng | |
| 650 | 4 | |a Kinect |2 eng | |
| 650 | 4 | |a Kinect for Windows SDK 2.0 |2 eng | |
| 700 | 1 | |a Minárik, Ivan |u 037000 |k Z8 |4 ths |U FEI Fakulta elektrotechniky a informatiky |T FEI Ústav multimediálnych informačných a komunikačných technológií |X 12005 |U E070 |Y 818 |7 A000012005 | |
| 856 | 4 | |u https://opac.crzp.sk/?fn=detailBiblioFormChildC117T1&sid=378281AEB05FBF717730C9A6EBFA&seo=CRZP-detail-kniha | |